000 00990nam a22002177a 4500
003 NALT
005 20211215093251.0
008 s2546 th tha d
040 _aNALT
041 _atha
090 _aว HD6283.T5 ฉ236ค 2546
100 0 _aฉัตรสุมน พฤฒิภิญโญ
245 1 0 _aโครงการการทำงานของผู้สูงอายุไทย /
_cฉัตรสุมน พฤฒิภิญโญ.
260 3 _aกรุงเทพฯ :
_bสำนักงานกองทุนสนับสนุนการวิจัย,
_c2546
300 _a179 หน้า :
_b ภาพประกอบ, ตาราง, แผนภูมิ ;
_c 29 ซม.
650 0 4 _aผู้สูงอายุ -- การจ้างงาน -- วิจัย
650 0 4 _aผู้สูงอายุ -- วิจัย
850 _aNALT
942 _cRSH
_2lcc
998 _bBENJALUCK SUTTHIWILAI
_j109
_k อารีรัตน์ วิชาช่าง
999 _c32158
_d32158